Azeem Insan / (Record no. 532984)
[ view plain ]
| 000 -LEADER | |
|---|---|
| fixed length control field | 00409nam a22001577a 4500 |
| 003 - CONTROL NUMBER IDENTIFIER | |
| control field | NUST |
| 038 ## - RECORD CONTENT LICENSOR | |
| Staff Name | waseem |
| 082 ## - DEWEY DECIMAL CLASSIFICATION NUMBER | |
| Classification number | 297.63 |
| Author Mark | AKH |
| 100 ## - MAIN ENTRY--PERSONAL NAME | |
| Personal name | Akhtar, Muhammad |
| 9 (RLIN) | 26633 |
| 245 ## - TITLE STATEMENT | |
| Title | Azeem Insan / |
| Statement of responsibility, etc. | Muhammad Akhtar |
| 260 ## - PUBLICATION, DISTRIBUTION, ETC. | |
| Place of publication, distribution, etc. | Lahore : |
| Name of publisher, distributor, etc. | Tayaba Noor Printers, |
| Date of publication, distribution, etc. | [s.l]. |
| 300 ## - PHYSICAL DESCRIPTION | |
| Extent | 376 p. ; |
| 880 ## - ALTERNATE GRAPHIC REPRESENTATION | |
| Linkage | 100-01\r |
| Title | محمد اختر |
| 880 ## - ALTERNATE GRAPHIC REPRESENTATION | |
| Linkage | 245-02\r |
| Title | عظیم انسان / |
| 942 ## - ADDED ENTRY ELEMENTS (KOHA) | |
| Source of classification or shelving scheme | |
| Koha item type | Book |
| Withdrawn status | Lost status | Source of classification or shelving scheme | Damaged status | Not for loan | Permanent Location | Current Location | Shelving location | Date acquired | Source of acquisition | Total Checkouts | Full call number | Barcode | Date last seen | Date last checked out | Price effective from | Koha item type |
|---|---|---|---|---|---|---|---|---|---|---|---|---|---|---|---|---|
| Central Library (CL) | Central Library (CL) | First Floor - Islam | 12/09/2019 | Donation | 1 | 297.63 AKH | CL-D-802 | 03/14/2025 | 03/12/2025 | 12/09/2019 | Book | |||||
| Central Library (CL) | Central Library (CL) | First Floor - Islam | 12/09/2019 | Donation | 1 | 297.63 AKH | CL-D-803 | 04/12/2022 | 03/05/2022 | 12/09/2019 | Book |
